Name That King Quiz Stats

 Plays Quiz Updated May 27, 2015

Also try: Name That Alien
Challenge
Share
Tweet
Score 0/18 Timer 08:00
2 Plays Today
% Correct
The Lion King
99.2%
King Kong
93.4%
The Little Mermaid
90.6%
300
90%
The Lord of the Rings: The Return of the King
88.6%
The King's Speech
87.9%
Game of Thrones
87.7%
Thor
82.9%
The Scorpion King
68%
% Correct
Monty Python and the Holy Grail
68%
The Tudors
62.9%
Coming to America
61.2%
Robin Hood: Men in Tights
53.7%
Sleeping Beauty
49.8%
Clash of the Titans
47.9%
SpongeBob SquarePants
45.6%
King Ralph
40.3%
Merlin
37.5%

You're not logged in!

Compare scores with friends on all Sporcle quizzes.
OR
Log In

You Might Also Like...

Show Comments

Extras

Top Quizzes Today


Score Distribution

Your Account Isn't Verified!

In order to create a playlist on Sporcle, you need to verify the email address you used during registration. Go to your Sporcle Settings to finish the process.

Report this User

Report this user for behavior that violates our Community Guidelines.

Details: